Slovenský poistný trh a jeho harmonizácia s právom EÚ

Základné črty poistného trhu v Európskej únii a platná právna úprava v Slovenskej republike. Slovenský zákon o poisťovníctve s pohľadu zapracovanosti jednotlivých smerníc EHS o poisťovníctve. Transpozícia ustanovení v oblasti neživotného a životného poistenia.

Guardado en:
Detalles Bibliográficos
Autor principal: Kullová, Eva
Formato: Capítulo de libro
Lenguaje:eslovaco
Materias:
Etiquetas: Agregar Etiqueta
Sin Etiquetas, Sea el primero en etiquetar este registro!

MARC

LEADER 00000naa a2200000 4500
001 r046733
005 20230929115954.8
041 0 |a slo 
044 |a SK 
245 1 0 |a Slovenský poistný trh a jeho harmonizácia s právom EÚ  |c Eva Kullová 
520 |a Základné črty poistného trhu v Európskej únii a platná právna úprava v Slovenskej republike. Slovenský zákon o poisťovníctve s pohľadu zapracovanosti jednotlivých smerníc EHS o poisťovníctve. Transpozícia ustanovení v oblasti neživotného a životného poistenia. 
610 2 0 |a poisťovníctvo 
610 2 0 |a trh poistný 
610 2 0 |a harmonizácia 
610 2 0 |a poistenie neživotné 
610 2 0 |a poistenie životné 
610 2 0 |a zákony 
610 2 0 |a smernice 
610 2 0 |a aproximácia práva 
610 2 0 |a Slovensko 
610 2 0 |a Európska únia 
100 1 |a Kullová, Eva